000 nam a22 7a 4500
999 _c50255
_d50255
003 OSt
005 20201104154320.0
008 201104b xxu||||| |||| 00| 0 eng d
040 _csero soft
100 _akumar,dr sanjay
245 _abhartiya shiksha evem arthik muddo ka vikad (hindi)
260 _ameerut
_bR lall book depot meerut
300 _a578
942 _2ddc
_c02